Πρόγραμμα αγροτικής συνεταιριστικής εκπαιδεύσεως έτους 1977
Αποθηκεύτηκε σε:
| Συγγραφή απο Οργανισμό/Αρχή: | |
|---|---|
| Μορφή: | Βιβλίο |
| Γλώσσα: | Greek |
| Δημοσίευση: |
Αθήνα :
Υπηρεσία Συνεταιριστικής Εκπαιδεύσεως,
[1978]
|
| Σειρά: | Συνεταιριστική επιμόρφωση κα διαφώτιση ;
; 2 |
| Θέματα: | |
| Ετικέτες: |
Προσθήκη ετικέτας
Δεν υπάρχουν, Καταχωρήστε ετικέτα πρώτοι!
|
MARC
| LEADER | 00000cam a2200000 i 4500 | ||
|---|---|---|---|
| 001 | 1/87272 | ||
| 008 | 080530s1978 gre d | ||
| 035 | |l 10097837 | ||
| 040 | |a GR-MY-UA |b gre |e aacr | ||
| 041 | 0 | |a gre | |
| 082 | 0 | |a 630.715 |2 (22) | |
| 110 | 2 | |a ΠΑΣΕΓΕΣ. | |
| 245 | 1 | 0 | |a Πρόγραμμα αγροτικής συνεταιριστικής εκπαιδεύσεως έτους 1977 / |c Πανελλήνια Συνομοσπονδία Ενώσεων Γεωργικών Συνεταιρισμών |
| 260 | |a Αθήνα : |b Υπηρεσία Συνεταιριστικής Εκπαιδεύσεως, |c [1978] | ||
| 300 | |a 48 σ.; |c 28 εκ. | ||
| 490 | 1 | |a Συνεταιριστική επιμόρφωση κα διαφώτιση |v ; 2 | |
| 650 | 0 | 0 | |a Agricultural education. |
| 650 | 0 | 0 | |a Agricultural education |x Study and teaching. |
| 650 | 0 | 0 | |a Agricultural colleges. |
| 830 | 0 | |a Συνεταιριστική επιμόρφωση κα διαφώτιση ; |v ; 2 | |
| 852 | |a INST |b RHODES |c AKA |e 20080530 |h 630.715 ΠΑΣ |p 005400029028 |q 005400029028 |t BK |y 0 | ||
| 901 | |a BIBL4-2008-2 | ||
| 909 | |a Ρ |b 150229 | ||
| 970 | |a ΧΑΡΙΟΠΟΛΙΤΟΥ |b ΚΩΝΣΤΑΝΤΙΝΑ |z 2008/05/30 | ||